000 00874nam a2200277Ia 4500
008 170203s9999 xx 000 0 und d
020 _a0 439686768
050 _a0 30
050 _bC619u
245 4 _aThe Usborne Internet-linked encyclopedia of planet earth /
245 _cAnna Claybourne, Gillian Doherty and Rebecca Treays ; designed by Laura Fearn and Melissa Alaverdy.
260 _aNew York :
260 _bScholastic, Inc.
260 _c2003
300 _a160 pages :
300 _bcolor illustrations, color maps ;
300 _c28 cm.
500 _aIncludes index.
650 _aEarth sciences --
650 _aEarth sciences --
650 _aEarth sciences -- Computer network resources --
650 _aEarth sciences.
650 _x Computer network resources.
650 _xJuvenile literature.
650 _xJuvenile literature.
999 _c305678
_d305678